Does the Internet benefit society? (Record no. 256463)

MARC details
000 -LEADER
fixed length control field 00488nam a2200181Ia 4500
008 - FIXED-LENGTH DATA ELEMENTS--GENERAL INFORMATION
fixed length control field 191130s2005##################000#0#eng##
020 ## - INTERNATIONAL STANDARD BOOK NUMBER
ISBN 9780737727050
082 ## - DEWEY DECIMAL CLASSIFICATION NUMBER
Classification number 303.4833 MUR
100 ## - MAIN ENTRY--AUTHOR NAME
Personal name Mur, Cindy
245 ## - TITLE STATEMENT
Title Does the Internet benefit society?
Statement of responsibility, etc Cindy mur
260 ## - PUBLICATION, DISTRIBUTION, ETC. (IMPRINT)
Place of publication Detroit
Name of publisher Thomson
Year of publication 2005
300 ## - PHYSICAL DESCRIPTION
Number of Pages 109p .,23cm
650 ## - SUBJECT ADDED ENTRY--TOPICAL TERM
Topical Term Computer network resources
991 ## -
-- 209495
Holdings
Withdrawn status Lost status Damaged status Not for loan Home library Current library Shelving location Date acquired Full call number Accession Number Price effective from Koha item type
        Anna Centenary Library Anna Centenary Library 3RD FLOOR, B WING 13.10.2020 303.4833 MUR 285467 13.10.2020 English Books

Find us on the map